000 00790nam a2200241Ia 4500
003 OSt
005 20220918110742.0
006 a|||||r|||| 00| 0
007 ta
008 220915b |||||||| |||| 00| 0 hin d
024 _a221143
037 _cReference Collections
040 _aARTS
_cARTS
_bhin
041 _2hin
_ahin
082 _aO152,3N361x, N0.1-.2(RR)
100 _aभ्रमर, रामकुमार
_91722
245 0 _aरचनावली
246 _aRachanāvalī
260 _aदिल्ली
_bपराग प्रका0
_c1990
650 _aहिन्दी साहित्य
942 _hO152,3N361x, N0.1-.2(RR)
_cREF
999 _c114486
_d114486